|
|
|
|
| LEADER |
01459nam a2200361 4500 |
| 001 |
c000060666 |
| 003 |
CARM |
| 005 |
00000000000000.0 |
| 008 |
740625m19739999fr b 00100 fre |
| 015 |
|
|
|a F***
|
| 019 |
1 |
|
|a 23147325
|z 329914
|5 LACONCORD2021
|
| 035 |
|
|
|a (OCoLC)980617
|5 LACONCORD2021
|
| 043 |
|
|
|a e-fr---
|
| 050 |
0 |
0 |
|a JA67
|b .D822
|
| 100 |
1 |
|
|a Duverger, Maurice,
|d 1917-
|
| 240 |
1 |
0 |
|a Droit constitutionnel et institutions politiques
|
| 245 |
1 |
0 |
|a Institutions politiques et droit constitutionnel.
|
| 250 |
|
|
|a [13. ed. revue et augm.]
|
| 260 |
|
|
|a Paris,
|b Presses universitaires de France
|c [1973- c1955-
|
| 300 |
|
|
|a v.
|c 19 cm.
|
| 490 |
0 |
|
|a Themis. Science politique, 20-
|
| 500 |
|
|
|a First-4th editions published under title: Droit constitutionnel et institutions politiques.
|
| 504 |
|
|
|a Bibliography: v. 1, p. [27]
|
| 505 |
1 |
|
|a 1. Les grands systemes politiques.
|
| 650 |
|
0 |
|a Political science.
|
| 650 |
|
0 |
|a Constitutional law.
|
| 651 |
|
0 |
|a France
|x Constitutional history.
|
| 852 |
8 |
|
|b CARM
|h A2:AF37G0
|i A00472
|p 0074519
|f BK
|
| 852 |
8 |
|
|b CARM
|h A2:AF37G0
|i A00472
|p 0074520
|f BK
|
| 082 |
0 |
4 |
|a 320
|
| 999 |
f |
f |
|i 8e8eebfc-9ee2-59ca-9a2e-25c42ff94c43
|s 542803d8-d58d-5189-bd6a-576727893179
|
| 952 |
f |
f |
|p Can circulate
|a CAVAL
|b CAVAL
|c CAVAL
|d CARM 1 Store
|e A00472
|f A2:AF37G0
|h Other scheme
|i book
|j v.1 held
|m 0074519
|
| 952 |
f |
f |
|p Can circulate
|a CAVAL
|b CAVAL
|c CAVAL
|d CARM 1 Store
|e A00472
|f A2:AF37G0
|h Other scheme
|i book
|j v.2 held
|m 0074520
|